| 000 | 00626nam a2200193 a 4500 | ||
|---|---|---|---|
| 005 | 20231024063633.0 | ||
| 008 | 991125s1971 mx 000 0 spa u | ||
| 035 | _aUPN01000012486 | ||
| 049 | _aLT | ||
| 050 | 4 |
_aLB1589 M6.2 _bR5.3 |
|
| 100 | 1 | _aRincón Coutiño, Valentín | |
| 245 | 1 | 0 |
_aCuadernos gader : _baritmética y geometría : segundo año / _cValentín Rincón. |
| 260 |
_aMéxico : _bE. Sáinz, _c1971. |
||
| 300 |
_a192 p. : _bil., col. |
||
| 650 | 4 |
_aAritmética _xEstudio y enseñanza (Elemental) _95289 |
|
| 650 | 4 |
_aGeometría _xEstudio y enseñanza (Elemental) _94869 |
|
| 905 | _aLibro | ||
| 999 |
_c12486 _d12486 |
||